000 00636nam a22001817a 4500
003 BUBTL
008 190409b xxu||||| |||| 00| 0 eng d
020 _a984-18-0147-7
082 _a891.443 / GOM
100 _92269
_aগোর্কী, ম্যাক্সিম
245 _aমা /
_cম্যাক্সিম গোর্কী
260 _aঢাকা :
_bবিশ্ব সাহিত্য কেন্দ্র,
_cc2013.
300 _a288 p. :
_c22 cm.
650 0 _91691
_aবাংলা সাহিত্য
856 _k0
_l0
_yDownload
942 _2ddc
_cBK
999 _c5967
_d5967